[Event "Concordia op 6th"]
[Site "Concordia"]
[Date "2022.10.13"]
[Round "4"]
[White "Umetsubo, Cesar Hidemitsu"]
[Black "Gauche, Charles"]
[Result "1-0"]
[WhiteElo "2359"]
[BlackElo "2177"]
[PlyCount "51"]
[EventDate "2022.10.12"]
[EventType "swiss"]
[EventRounds "9"]
[EventCountry "BRA"]
[SourceTitle "CBM 210 Extra"]
[Source "ChessBase"]
[SourceDate "2022.11.30"]
[SourceVersion "1"]
[SourceVersionDate "2022.11.30"]
[SourceQuality "1"]

1. d4 Nf6 2. c4 g6 3. Nc3 Bg7 4. e4 d6 5. Nf3 0-0 6. Be2 e5 7. d5 a5 8. Bg5 h6 9. Bh4 Qe8 10. Nd2 Nh7 11. 0-0 Bf6 12. Bg3 Qe7 13. c5 Bg5 14. cxd6 cxd6 15. Nc4 Bd7 16. Qb3 Na6 17. Qb6 f5 18. f3 Rf6 19. Qxb7 Qd8 20. Bf2 Nc5 21. Bxc5 dxc5 22. Nxe5 Be3+ 23. Kh1 Be8 24. Nc6 Bxc6 25. dxc6 Rf7 26. Bc4 1-0